Statistics for Top 5 Most Common Minecraft Blocks

Click here to take the quiz!

General Stats

  • This quiz has been taken 38 times
  • The average score is 3 of 5

Answer Stats

HintAnswer% Correct
#1Dirt
100%
#2Wood
70%
#5Stone
40%
#4Sand
30%
#3Gravel
23%

Score Distribution

Percentile by Number Answered

Percent of People with Each Score

Your Score History

You have not taken this quiz